00861 2200193 4500001002100000005001500021035002000036245022100056100001500277250002000292300005100312856002200363700018200385260003600567082001300603084001900616020001800635650001400653INLIS00000000114827620260413014613 a0010-04260001211 aAkuntansi Desa /cPenulis; Jan Hoseda; Manajer Penerbitan & Produksi; Novietha Indra Sallama, Supervisor Editor; Aklia Suslia, Copy Editor; Rosidah, Tata Letak; Reza Kemal Wijoyo, Desaian Sampul; Asyfa Ainur Khasanah0 aJan Hoseda aCetakan Pertama a312 halaman :bilustrasi ;c19 x 26 cmeKertas aPerpustakaan Umum0 aManajer Penerbitan & Produksi; Novietha Indra Sallama, Supervisor Editor; Aklia Suslia, Copy Editor; Rosidah, Tata Letak; Reza Kemal Wijoyo, Desaian Sampul; Asyfa Ainur Khasanah aJakarta :bSalemba Empat,c2019 a540.1.01 a540.1.01 JAN a a9789790618312 4aAkuntansi